| 000 | 00543nam a22001571 4500 | ||
|---|---|---|---|
| 082 | 0 | 0 |
_a355.425 _bDIR _cL-30, P-42 |
| 100 | 1 |
_aRobinson, Donald B., _944240 |
|
| 245 | 1 | 4 |
_aThe dirty wars; _bguerrilla actions and other forms of unconventional warfare. _cWith an introd. by S. L. A. Marshall. |
| 260 |
_aNew York, _bDelacorte Press _c[1968] |
||
| 300 |
_axxv, 356 p. _c24 cm. |
||
| 526 |
_a0 _b0 _c0 _d355_425000000000000_DIR |
||
| 650 | 0 |
_aGuerrillas. _944241 |
|
| 650 | 0 |
_aMCE _9379 |
|
| 650 | 0 |
_aMilitary history, Modern _936714 |
|
| 942 |
_2ddc _cBK |
||
| 999 |
_c548076 _d548076 |
||